000
00313nam a22001457a 4500
008
221101b ||||| |||| 00| 0 eng d
020
_a
674845455
041
_a
eng
080
_a
101
082
_a
101 LOE
100
_a
44.1
101
_a
FIL
245
_a
STRUGGLE FOR SYNTHESIS
_c
LOEMKER L
942
_2
udc
_c
BK
999
_c
58711
_d
58711